01727nam a2200313 4500001000400000003000400004005001700008008004100025020001800066040000800084041001300092082001500105100002900120240003500149245010100184260003200285300001100317490002900328520086400357650002501221650001301246650001301259650002101272655001201293655001601305700003001321700003301351830002901384351OSt20250528074018.0250401b |||||||g |||| 00| 1 eng d a9788580415537 bpor hengapor a813bF299m aFeist, Raymond E.d1945- aMagician: Darkness at Sethanon aMago:bAs trevas de Sethanon /cFeist, Raymond E. ; Tradução de Rui Azevedo e José Remelhe aSão PaulobArqueiroc2016 a462 p.1 aA saga do MagovLivro 04 aVentos malignos sopram sobre Midkemia. As legiões negras ergueram-se para esmagar o Reino das Ilhas e escravizá-lo com o terrível poder de sua magia. A batalha final entre a Ordem e o Caos está prestes a começar nas ruínas de uma cidade chamada Sethanon. Agora Pug, o mestre conhecido por Milamber, terá à sua frente a incrível e perigosa missão de viajar até a aurora do tempo e lidar com um antigo e temível inimigo. O destino de mil mundos dependerá apenas dele. Enquanto o Príncipe Arutha e os seus companheiros reúnem as suas hostes para a batalha final contra um misterioso demônio ancestral, o temido necromante Macros, o Negro, libertou mais uma vez a sua magia negra. O destino de dois mundos será decidido numa luta colossal sob as muralhas de Sethanon, quando são restaurados os laços entre Kelewan e Midkemia. 0aLiteratura Americana 0aFantasia 0aAventura 0aSeres mágicos  0aRomance 0aFicção  aRui AzevedoeTradução aJosé RemelheeTradução aA saga do MagovLivro 04